Na svete je nová publikácia o Košiciach

Bibliographic Details
Main Author: (ren) (Author)
Format: Article
Language:Slovak
ISSN:1335-4566
Subjects:

MARC

LEADER 00000nab a2200000 a 4500
001 vtls000932229
003 SK-MaSNL
005 20260303035026.0
008 040720e20040204xo 0 slo
035 |a KE41106 
040 |a KEVKJB  |b slo  |c KEVKJB  |e AACR2 
041 0 |a slo 
044 |a xo  |c SK 
080 |a 796.51(036)  |2 1981 
100 0 |a (ren)  |4 aut  |9 877268 
245 1 0 |a Na svete je nová publikácia o Košiciach 
650 0 7 |a turistika  |2 KEVKJB  |9 683 
650 0 7 |a Spoznávajte Košice a okolie (turistický sprievodca)  |2 KEVKJB  |9 1021230 
650 0 7 |a vydanie  |2 KEVKJB  |9 352854 
650 0 7 |a turistickí sprievodcovia (publikácie)  |2 SNKPH  |9 189074 
651 7 |a Košice (Slovensko)  |2 KEVKJB  |9 18694 
651 7 |a KE,  |2 KEVKJB  |9 877256 
655 7 |a periodikum  |2 snkbucl  |9 29553 
773 0 8 |t Košický denník Korzár  |g Roč. 7, č.28, 4.2.2004, s. 2  |x 1335-4566 
852 |a ZVYKNI  |b KIS3GCP 
999 |c 1675816  |d 1677746